Microsoft Word 7 / (Record no. 6854)

MARC details
000 -LEADER
fixed length control field 00967cam a2200301 a 4500
001 - CONTROL NUMBER
control field 1633907
003 - CONTROL NUMBER IDENTIFIER
control field OSt
005 - DATE AND TIME OF LATEST TRANSACTION
control field 20210408145211.0
008 - FIXED-LENGTH DATA ELEMENTS--GENERAL INFORMATION
fixed length control field 960307s1997 mnua 001 0 eng
010 ## - LIBRARY OF CONGRESS CONTROL NUMBER
LC control number 96013304
020 ## - INTERNATIONAL STANDARD BOOK NUMBER
International Standard Book Number 1561188883 (text)
020 ## - INTERNATIONAL STANDARD BOOK NUMBER
International Standard Book Number 1561188891 (text + disk)
040 ## - CATALOGING SOURCE
Original cataloging agency DLC
Transcribing agency DLC
Modifying agency DLC
050 00 - LIBRARY OF CONGRESS CALL NUMBER
Classification number Z52.5.M523
Item number R897 1997
082 00 - DEWEY DECIMAL CLASSIFICATION NUMBER
Classification number 652.533RUT 1997
100 1# - MAIN ENTRY--PERSONAL NAME
Personal name Rutkosky, Nita Hewitt.
9 (RLIN) 14050
245 10 - TITLE STATEMENT
Title Microsoft Word 7 /
Statement of responsibility, etc. Nita Hewitt Rutkosky.
246 3# - VARYING FORM OF TITLE
Title proper/short title Microsoft Word Seven
246 30 - VARYING FORM OF TITLE
Title proper/short title Word 7
260 ## - PUBLICATION, DISTRIBUTION, ETC. (IMPRINT)
Place of publication, distribution, etc. St. Paul, MN :
Name of publisher, distributor, etc. EMCParadigm,
Date of publication, distribution, etc. c1997.
300 ## - PHYSICAL DESCRIPTION
Extent xix, 748 p. :
Other physical details col. ill. ;
Dimensions 28 cm.
500 ## - GENERAL NOTE
General note Includes index.
630 00 - SUBJECT ADDED ENTRY--UNIFORM TITLE
Uniform title Microsoft Word.
9 (RLIN) 14051
650 #0 - SUBJECT ADDED ENTRY--TOPICAL TERM
Topical term or geographic name as entry element Word processing.
9 (RLIN) 14052
906 ## - LOCAL DATA ELEMENT F, LDF (RLIN)
a 7
b cbc
c orignew
d 1
e ocip
f 19
g y-gencatlg
942 ## - ADDED ENTRY ELEMENTS (KOHA)
Source of classification or shelving scheme Library of Congress Classification
Koha item type Open Shelf
Holdings
Withdrawn status Lost status Source of classification or shelving scheme Damaged status Not for loan Home library Current library Date acquired Source of acquisition Inventory number Total Checkouts Full call number Barcode Date last seen Price effective from Koha item type
    Library of Congress Classification     MUST Main Library MUST Main Library 08/04/2021 purchase 04/21176   652.533RUT 1997 2021-0369 08/04/2021 08/04/2021 Open Shelf